Statistics for Abraham Lincoln Family

Click here to take the quiz!

General Stats

  • This quiz has been taken 20 times
  • The average score is 6 of 9

Answer Stats

HintAnswer% Correct
WifeMary
100%
Eldest SonRobert
83%
Fourth SonThomas
83%
Third SonWilliam
75%
Second SonEdward
67%
FatherThomas
67%
Step-MotherSarah
58%
MotherNancy
50%
SisterSarah
42%

Score Distribution

Percentile by Number Answered

Percent of People with Each Score

Your Score History

You have not taken this quiz